History Quiz

Random History or Clickable Quiz
Score 0/36 Timer 09:00
0 Plays Today
% Correct
1812-15
94.6%
1939-45
91.8%
1914-18
86.1%
1775-83
85.2%
1950-53
84.5%
1861-65
81.5%
1947-91
78.1%
1066-72
77.9%
1954-75
77%
1337-1453
71.7%
1792-1802
71.7%
1803-15
69.7%
1918-20
69.7%
1990-91
68.3%
1936-39
66.8%
1982
62.3%
2003-11
60.7%
1618-48
60.4%
% Correct
1754-63
59.6%
1096-99
58.8%
1990-94
58.7%
1967
58.7%
1979-89
57.8%
1519-21
57.4%
1956
56.6%
1205-1340
56.1%
1870-71
56%
2001-2014
53.3%
1642-51
52.9%
1455-85
52.6%
1904-05
51.9%
1899-1902
48.2%
2014-Present
46.1%
2011-Present
43.7%
1980-88
40.3%
1973
37%

You're not logged in!

Compare scores with friends on all Sporcle quizzes.
OR
Log In

Sporcle TV

Today on Sporcle TV


Watch our educational content, quiz creation guides, and fun videos on Sporcle TV.

Show Comments

Extras

Top Quizzes Today


Score Distribution

Paid Content

Your Account Isn't Verified!

In order to create a playlist on Sporcle, you need to verify the email address you used during registration. Go to your Sporcle Settings to finish the process.

Report this User

Report this user for behavior that violates our Community Guidelines.

Details: